| 000 | 00945nam a22002537a 4500 | ||
|---|---|---|---|
| 005 | 20120106115430.0 | ||
| 008 | 120106t xxu||||| |||| 00| 0 eng d | ||
| 010 | _aENG-104626 | ||
| 020 |
_a9789380408620 _c175.00 |
||
| 035 | _aEN-88159 | ||
| 037 | _bDBAD/PUB | ||
| 040 |
_aDPL _bEng |
||
| 082 | _a005.74 | ||
| 100 |
_aManjula, K.A. _938484 |
||
| 245 |
_aUnderstanding database management systems / _cby K.A. Manjula [and] P. Karthikeyan |
||
| 260 |
_aNew Delhi _bAcme Learning _c2011 |
||
| 270 |
_a2/8 Ansari Road Darya Ganj _bNew Delhi _e110002 |
||
| 300 |
_axii,248p. : _bill. _c24cm(pbk) |
||
| 500 | _aIncludes bibliographical references and index | ||
| 650 |
_aDatabase management _938489 |
||
| 700 |
_aKarthikeyan, P. _938485 |
||
| 942 |
_2ddc _cEN _h005.74 _mMAN |
||
| 999 |
_c60442 _d60442 |
||